00313cam a22000977a 4500008004000000020001800040100002300058245008400081260004000165300001000205180718b1998 xxu||||| |||| 00| 0 eng d a81 7178 560 3 aSharma, Ram Sharan aPoorva madhyakaline bharat ka samanti samaj aur sanskriticby Ram Sharan Sharma aNew DelhibRajkamal Prakashanc1998 a262p.